[Event "WY Girls-U14"]
[Site "Porto Carras GRE"]
[Date "2010.10.24"]
[Round "6.4"]
[White "Tantsiura, Marja"]
[Black "Patel, Yesim"]
[Result "1-0"]
[WhiteElo "2030"]
[BlackElo "1820"]
[WhiteFideId "14124327"]
[BlackFideId "6300200"]
[EventDate "2010.10.20"]

1. e4 c5 2. Nf3 Nc6 3. d4 cxd4 4. Nxd4 e5 5. Nb5 d6 6. N1c3 a6 7. Na3 b5 8. Nd5
Nce7 9. Bg5 f6 10. Be3 Nxd5 11. Qxd5 Bd7 12. c4 b4 13. Nc2 Rb8 14. Be2 f5 15.
exf5 Nf6 16. Qf3 Be7 17. Ba7 Rc8 18. O-O d5 19. Qb3 d4 20. c5 Bxc5 21. Bxc5 Rxc5
22. Bxa6 Bxf5 23. Nxb4 Qc7 24. Bd3 Bc8 25. Rae1 Bb7 26. Na6 Qc6 27. Bb5 Rxb5 28.
Qxb5 Qxb5 29. Nc7+ Kd7 30. Nxb5 Re8 31. f4 Ba6 32. fxe5 Nd5 33. e6+ Rxe6 34.
Nxd4 Bxf1 35. Nxe6 Bc4 36. b3 Bb5 37. a4 Bc6 38. Nxg7 Nf4 39. Rd1+ Kc7 40. Rd2
Bd7 41. Kf2 Ng6 42. a5 Ne7 43. Nh5 Nc6 44. Nf6 Bc8 45. Nd5+ Kb7 46. b4 Ka6 47.
Rc2 Bd7 48. Rc5 1-0

[Event "WY Girls-U14"]
[Site "Porto Carras GRE"]
[Date "2010.10.24"]
[Round "6.5"]
[White "Chiang, Sarah"]
[Black "Styazhkina, Anna"]
[Result "0-1"]
[WhiteTitle "WCM"]
[BlackTitle "WFM"]
[WhiteElo "1864"]
[BlackElo "1974"]
[WhiteFideId "2010810"]
[BlackFideId "24119300"]
[EventDate "2010.10.20"]

1. d4 d5 2. c4 c6 3. Nf3 Nf6 4. Nc3 dxc4 5. a4 Bf5 6. e3 e6 7. Bxc4 Bb4 8. O-O
O-O 9. Qe2 Bg6 10. Ne5 Nbd7 11. Nxg6 hxg6 12. Rd1 Nb6 13. Bb3 Qc7 14. Bd2 Bd6
15. g3 e5 16. a5 Nbd7 17. d5 e4 18. Rac1 Ne5 19. Nb5 Qd7 20. Nxd6 Nf3+ 21. Kg2
Qxd6 22. dxc6 bxc6 23. Bc3 Qc5 24. Qc4 Qh5 25. Rh1 Ng5 26. Bd1 Qh3+ 27. Kg1 Rad8
28. Be2 Rd3 29. Qxc6 Rfd8 30. f4 exf3 31. Bxf3 Nxf3+ 32. Qxf3 Ng4 33. Qg2 Qh5
34. Re1 Re8 35. h3 Rdxe3 36. Rxe3 Nxe3 37. Qf2 Nd1 38. Qd4 Nxc3 39. Qxc3 Qd1+
40. Kg2 Re2+ 41. Kf3 Re1+ 42. Kf4 Rxh1 0-1

[Event "WY Girls-U14"]
[Site "Porto Carras GRE"]
[Date "2010.10.24"]
[Round "6.6"]
[White "Garcia-Castany Musellas, Gal.la"]
[Black "Fataliyeva, Ulviyya Hasil qizi"]
[Result "1-0"]
[BlackTitle "WCM"]
[WhiteElo "1768"]
[BlackElo "1959"]
[WhiteFideId "2241803"]
[BlackFideId "13403052"]
[EventDate "2010.10.20"]

1. e4 e6 2. d4 d5 3. Nd2 Be7 4. Bd3 c5 5. dxc5 Nf6 6. Qe2 Bxc5 7. Ngf3 Nc6 8.
O-O Qc7 9. c3 b6 10. e5 Ng4 11. b4 Be7 12. Re1 h5 13. h3 Nh6 14. Nb3 Kf8 15. b5
Nd8 16. c4 dxc4 17. Bxc4 g6 18. Bg5 Bb7 19. Rac1 Bxg5 20. Nxg5 Qe7 21. Ne4 Nf5
22. Nf6 Kg7 23. Bd3 Rb8 24. Red1 Bc8 25. Rc3 Nb7 26. Rdc1 Rd8 27. Rc7 Qb4 28.
Bxf5 exf5 29. e6 Nd6 30. e7 Re8 31. Nxe8+ Nxe8 1-0

[Event "WY Girls-U14"]
[Site "Porto Carras GRE"]
[Date "2010.10.24"]
[Round "6.7"]
[White "Bivol, Alina"]
[Black "Bala Kannamma, P"]
[Result "1-0"]
[WhiteElo "2076"]
[BlackElo "1866"]
[WhiteFideId "4100123"]
[BlackFideId "5081432"]
[EventDate "2010.10.20"]

1. d4 Nf6 2. e3 e6 3. Bd3 Be7 4. f4 b6 5. Nf3 Bb7 6. Nbd2 c5 7. c3 O-O 8. O-O
Ng4 9. Qe1 f5 10. e4 fxe4 11. Nxe4 Nf6 12. Nfg5 h6 13. Nxf6+ Bxf6 14. Nh7 cxd4
15. Nxf8 Qxf8 16. c4 Na6 17. f5 e5 18. Be4 Rb8 19. Bxb7 Rxb7 20. g4 Nc5 21. b4
Na6 22. Bd2 Rc7 23. Rc1 d6 24. Rf3 Qe7 25. Qe4 Bg5 26. Bxg5 Qxg5 27. Rcf1 Qf6
28. a3 Kf8 29. g5 hxg5 30. Rh3 Ke7 31. Rh8 Kd7 32. Qa8 Qe7 33. f6 gxf6 34. Qe4
Nb8 35. Rxb8 Rxc4 36. Rb7+ Rc7 37. Rxc7+ Kxc7 38. Rc1+ Kd7 39. Qf5+ Ke8 40. Rc8+
Kf7 41. Rh8 1-0

[Event "WY Girls-U14"]
[Site "Porto Carras GRE"]
[Date "2010.10.24"]
[Round "6.8"]
[White "Kahramanova, Mohinur"]
[Black "Osmanodja, Filiz"]
[Result "1/2-1/2"]
[BlackTitle "WFM"]
[WhiteElo "1811"]
[BlackElo "2059"]
[WhiteFideId "14201771"]
[BlackFideId "24633569"]
[EventDate "2010.10.20"]

1. e4 c5 2. Nf3 d6 3. d4 cxd4 4. Nxd4 Nf6 5. Nc3 Nc6 6. Be2 e5 7. Nb3 Be7 8. Be3
O-O 9. O-O a5 10. a4 Nb4 11. Qd2 Bd7 12. f3 Bc6 13. Rfd1 Qc7 14. Bd3 b6 15. Qf2
Rab8 16. Kh1 Kh8 17. Nd2 d5 18. exd5 Nfxd5 19. Nxd5 Nxd5 20. Be4 f5 21. Bxd5
Bxd5 22. Nb3 Be6 23. f4 Bd6 24. fxe5 Bxe5 25. Nd4 Bc4 26. b3 Bd5 27. c4 Bg8 28.
Nb5 Qe7 29. Rab1 Qf6 30. Bd4 Bxd4 31. Rxd4 Qe7 32. Rd6 Rf6 33. Rbd1 Qe5 34. h3
Rxd6 35. Rxd6 Qa1+ 36. Kh2 Qe5+ 37. g3 Qc5 38. Qxc5 bxc5 39. Kg2 Re8 40. Kf3 Re1
41. Rc6 Rb1 42. Rxc5 Rxb3+ 43. Kf4 Rb4 44. Kxf5 Rxc4 45. Rxc4 Bxc4 46. Ke4 g5
47. Kd4 Be6 48. h4 gxh4 49. gxh4 Kg7 1/2-1/2

[Event "WY Girls-U14"]
[Site "Porto Carras GRE"]
[Date "2010.10.24"]
[Round "6.9"]
[White "Gaboyan, Susanna"]
[Black "Belova, Olga"]
[Result "1-0"]
[WhiteElo "1806"]
[BlackElo "1946"]
[WhiteFideId "13303627"]
[BlackFideId "4138422"]
[EventDate "2010.10.20"]

1. d4 Nf6 2. Nf3 e6 3. e3 Be7 4. Bd3 c5 5. c4 d6 6. Nc3 Nbd7 7. O-O O-O 8. b3 b6
9. Bb2 Ba6 10. Qe2 Re8 11. Rfd1 Rc8 12. Rac1 Nf8 13. e4 cxd4 14. Nxd4 Ng6 15.
Bb1 Bb7 16. Nf3 Qc7 17. Nb5 Qb8 18. Nc3 h6 19. Rd2 Red8 20. Rcd1 Nd7 21. Nb5 Nc5
22. b4 Na6 23. a3 Rd7 24. Ne5 Nxe5 25. Bxe5 Rcd8 26. Qg4 g6 27. Qg3 Qa8 28. Qe3
Kh7 29. Nxd6 Bxd6 30. Bxd6 Qc8 31. Bf8 Rxf8 32. Rxd7 Nb8 33. R7d4 e5 34. R4d2
Qxc4 35. Ba2 Qxe4 36. Qxe4 Bxe4 37. Rd8 Rxd8 38. Rxd8 Nc6 39. Rd7 h5 40. Rxf7+
Kh6 41. b5 Nd4 42. Bc4 Nf5 43. Rxa7 Nd6 44. Be2 Bf5 45. Ra8 Nc8 46. a4 Kg7 47.
a5 bxa5 48. Ra6 Be4 49. Bf3 Bd3 50. Rc6 1-0

[Event "WY Girls-U14"]
[Site "Porto Carras GRE"]
[Date "2010.10.24"]
[Round "6.10"]
[White "Shamatava, Ana"]
[Black "Ruiz Font, Elisabet"]
[Result "1-0"]
[WhiteElo "1922"]
[BlackElo "1902"]
[WhiteFideId "13601008"]
[BlackFideId "2200490"]
[EventDate "2010.10.20"]

1. e4 c5 2. Nf3 g6 3. d4 cxd4 4. Nxd4 Nc6 5. Be3 Nf6 6. Nc3 Bg7 7. f3 O-O 8. Qd2
d5 9. O-O-O dxe4 10. fxe4 Ng4 11. Nxc6 Qxd2+ 12. Rxd2 bxc6 13. Bc5 Bf6 14. h3
Ne5 15. Rd1 Be6 16. Be2 Rfb8 17. Bd4 a5 18. Na4 Rb4 19. b3 Bg5+ 20. Kb1 Nd7 21.
c3 Rb7 22. Kc2 Rc7 23. c4 Bf4 24. Bc3 Bd6 25. Bf3 f6 26. Bd4 c5 27. e5 Bf5+ 28.
Kc1 fxe5 29. Bxa8 exd4 30. Rhf1 Nf6 31. g4 Bd7 32. Nb6 Be6 33. Rd2 Nd7 34. Nxd7
Rxd7 35. Re2 Bf7 36. Ref2 e6 37. g5 Ra7 38. Be4 Kg7 39. Kc2 Bg8 40. Bc6 Re7 41.
Kd3 Rc7 42. Be4 Ra7 43. Kc2 Rc7 44. Kb2 Bf7 45. Ka3 Be8 46. Rf6 Re7 47. Kb2 Be5
48. Kc2 a4 49. bxa4 Bxa4+ 50. Kc1 Be8 51. R6f3 Ra7 52. R1f2 Bf7 53. a3 Bd6 54.
Kb2 Be8 55. Rb3 Re7 56. Rb7 Bd7 57. Kb3 e5 58. Rf6 d3 59. Rxd6 1-0

[Event "WY Girls-U14"]
[Site "Porto Carras GRE"]
[Date "2010.10.24"]
[Round "6.11"]
[White "Lasya, G"]
[Black "Beinenson, Katsiaryna"]
[Result "1-0"]
[WhiteElo "1883"]
[BlackElo "1921"]
[WhiteFideId "5068800"]
[BlackFideId "13507044"]
[EventDate "2010.10.20"]

1. e4 c5 2. Nf3 Nc6 3. Nc3 e5 4. Bc4 Be7 5. d3 Nf6 6. Nd2 d6 7. Nf1 Be6 8. Ne3
a6 9. a4 O-O 10. O-O Rb8 11. h3 Nd4 12. a5 Nc6 13. Ncd5 Bxd5 14. Bxd5 Nxa5 15.
Nf5 Nxd5 16. exd5 Bf6 17. Qf3 b5 18. Bd2 b4 19. Qg3 Kh8 20. Qf3 Ra8 21. Nxd6 Nb3
22. Nxf7+ Rxf7 23. cxb3 Rd7 24. Be3 Rxd5 25. Rfc1 Rc8 26. Rxa6 Rxd3 27. Qg4 Be7
28. Re6 Bd6 29. Qf5 Qd7 30. Qxd3 Qxe6 31. Rd1 Rc6 32. Qb5 Qxb3 33. Rxd6 Rxd6 34.
Qb8+ Qg8 35. Qxd6 1-0

[Event "WY Girls-U14"]
[Site "Porto Carras GRE"]
[Date "2010.10.24"]
[Round "6.12"]
[White "Rodriguez Rueda, Paula Andrea"]
[Black "Vanagaite, Giedre"]
[Result "1-0"]
[WhiteTitle "WFM"]
[WhiteElo "2099"]
[BlackElo "1833"]
[WhiteFideId "4404564"]
[BlackFideId "12800546"]
[EventDate "2010.10.20"]

1. d4 d5 2. c4 c6 3. Nf3 Nf6 4. Nc3 e6 5. e3 Nbd7 6. Bd3 dxc4 7. Bxc4 b5 8. Bd3
Bb7 9. O-O a6 10. e4 c5 11. d5 c4 12. Bc2 Qc7 13. dxe6 fxe6 14. Ng5 Nc5 15. e5
Qc6 16. f3 Nd5 17. Bxh7 O-O-O 18. Qe2 Nxc3 19. bxc3 Be7 20. Be4 Nxe4 21. Nxe4
Qe8 22. Bf4 Qf7 23. Bg3 Qg6 24. Nd6+ Kb8 25. a4 Bh4 26. Bxh4 Rxh4 27. axb5 Rxh2
28. bxa6 Qh6 29. axb7 Rh1+ 30. Kf2 Qh4+ 31. Ke3 Rxd6 32. exd6 Qg5+ 33. f4 Qc5+
34. Kd2 Qxd6+ 35. Kc2 Rxf1 36. Rxf1 Kxb7 37. Rb1+ 1-0

[Event "WY Girls-U14"]
[Site "Porto Carras GRE"]
[Date "2010.10.26"]
[Round "7.1"]
[White "Lei, Tingjie"]
[Black "Garcia-Castany Musellas, Gal.la"]
[Result "1-0"]
[WhiteElo "1990"]
[BlackElo "1768"]
[WhiteFideId "8605114"]
[BlackFideId "2241803"]
[EventDate "2010.10.20"]

1. e4 e5 2. Nf3 Nc6 3. Bc4 Bc5 4. c3 Nf6 5. d3 a6 6. b4 Ba7 7. h3 d6 8. Nbd2 O-O
9. O-O h6 10. Re1 Nh5 11. Nf1 Qf6 12. Be3 Nf4 13. Bxf4 Qxf4 14. Ne3 Ne7 15. d4
c6 16. dxe5 dxe5 17. Qd6 Ng6 18. Qxg6 Kh8 19. Qg3 Qxe4 20. Qxe5 Qg6 21. Nh4 1-0

[Event "WY Girls-U14"]
[Site "Porto Carras GRE"]
[Date "2010.10.26"]
[Round "7.2"]
[White "Saduakassova, Dinara"]
[Black "Tantsiura, Marja"]
[Result "1-0"]
[WhiteTitle "WFM"]
[WhiteElo "2142"]
[BlackElo "2030"]
[WhiteFideId "13700090"]
[BlackFideId "14124327"]
[EventDate "2010.10.20"]

1. d4 Nf6 2. c4 g6 3. Nc3 Bg7 4. e4 d6 5. f3 O-O 6. Be3 c6 7. Qd2 a6 8. a4 Qa5
9. Rd1 e5 10. Nge2 Nbd7 11. d5 c5 12. Ng3 h5 13. Bd3 h4 14. Nge2 Nh7 15. g3 Qd8
16. Ng1 f5 17. Qg2 f4 18. Bf2 hxg3 19. hxg3 fxg3 20. Qxg3 Qg5 21. Rxh7 Qxg3 22.
Rxg7+ Kxg7 23. Bxg3 Nf6 24. Kd2 g5 25. Bf2 Bd7 26. Nge2 Nh7 27. Ke3 g4 28. fxg4
Ng5 29. Bh4 Rf3+ 30. Kd2 Kg6 31. Ng1 Rf7 32. Be2 Raf8 33. Bxg5 Kxg5 34. Nf3+ Kg6
35. Rf1 Rf4 36. Nd1 Bxa4 37. Ne3 Rd8 38. Nf5 Be8 39. Rh1 b5 40. Rh6+ Kf7 41.
Ng5+ 1-0

[Event "WY Girls-U14"]
[Site "Porto Carras GRE"]
[Date "2010.10.26"]
[Round "7.3"]
[White "Styazhkina, Anna"]
[Black "Bivol, Alina"]
[Result "0-1"]
[WhiteTitle "WFM"]
[WhiteElo "1974"]
[BlackElo "2076"]
[WhiteFideId "24119300"]
[BlackFideId "4100123"]
[EventDate "2010.10.20"]

1. e4 e6 2. d4 d5 3. e5 c5 4. c3 Nc6 5. Nf3 Bd7 6. a3 f6 7. exf6 Nxf6 8. b4 cxd4
9. cxd4 Bd6 10. Bb2 O-O 11. Bd3 Qc7 12. Nc3 a6 13. Rc1 b5 14. O-O Rae8 15. Bb1
Qb8 16. h3 Re7 17. Re1 Be8 18. Ne2 Qb6 19. Rc3 a5 20. bxa5 Nxa5 21. Nc1 b4 22.
axb4 Bxb4 23. Nd3 Rb7 24. Qc2 Ne4 25. Nc5 Bg6 26. Nxb7 Nxc3 27. Qc1 Nxb1 28.
Nxa5 Bxe1 0-1

[Event "WY Girls-U14"]
[Site "Porto Carras GRE"]
[Date "2010.10.26"]
[Round "7.4"]
[White "Khademalsharieh, Sarasadat"]
[Black "Hakimifard, Raana"]
[Result "0-1"]
[WhiteTitle "WFM"]
[WhiteElo "2075"]
[BlackElo "1930"]
[WhiteFideId "12512214"]
[BlackFideId "12510572"]
[EventDate "2010.10.20"]

1. d4 Nf6 2. Nf3 g6 3. c4 Bg7 4. g3 O-O 5. Bg2 d6 6. O-O c6 7. Nc3 Qa5 8. e4 Bg4
9. h3 Bxf3 10. Bxf3 Nfd7 11. Be3 a6 12. Qd2 c5 13. Be2 Nc6 14. d5 Nd4 15. Qd1
Nxe2+ 16. Nxe2 Ne5 17. b3 b5 18. f4 Nd7 19. Bd2 b4 20. Rc1 Qxa2 21. e5 Qa5 22.
e6 fxe6 23. dxe6 Nf6 24. Qc2 Qc7 25. f5 gxf5 26. Rxf5 Qc6 27. Bg5 Ne4 28. Rd5
Nxg5 29. Rxg5 Qf3 30. Nf4 Kh8 31. Rg4 Be5 32. Rd1 Bxf4 33. gxf4 Rxf4 34. Qb2+
Rf6 35. Rd2 Qxh3 36. Rdg2 Qe3+ 37. Kh1 Qxe6 38. Qc1 Raf8 0-1

[Event "WY Girls-U14"]
[Site "Porto Carras GRE"]
[Date "2010.10.26"]
[Round "7.5"]
[White "Shamatava, Ana"]
[Black "Nandhidhaa, PV"]
[Result "0-1"]
[WhiteElo "1922"]
[BlackElo "2060"]
[WhiteFideId "13601008"]
[BlackFideId "5050847"]
[EventDate "2010.10.20"]

1. e4 c5 2. Nf3 e6 3. d4 cxd4 4. Nxd4 a6 5. Bd3 Bc5 6. Nb3 Be7 7. O-O d6 8. c4
Nd7 9. Qe2 Ngf6 10. f4 O-O 11. Nc3 b6 12. Be3 Bb7 13. Rac1 Rc8 14. Kh1 Re8 15.
Bg1 Bf8 16. Nd2 h5 17. Nf3 Qc7 18. b3 g6 19. h3 Bg7 20. Qc2 Nc5 21. Bxc5 Qxc5
22. f5 Nd7 23. fxg6 fxg6 24. Na4 Qa5 25. Qe2 Ne5 26. Nxe5 Qxe5 27. Nxb6 Rcd8 28.
Rce1 Qd4 29. Na4 Rf8 30. e5 Qh4 31. Bxg6 Bxe5 32. Qe3 Kg7 33. Bb1 Rde8 34. Qd3
Rf5 35. Rxf5 exf5 36. Rf1 Qg5 37. Rf2 Be4 38. Qf1 Qg3 39. Qg1 Qxh3+ 0-1

[Event "WY Girls-U14"]
[Site "Porto Carras GRE"]
[Date "2010.10.26"]
[Round "7.6"]
[White "Lasya, G"]
[Black "Zarkovic, Mila"]
[Result "1/2-1/2"]
[WhiteElo "1883"]
[BlackElo "1953"]
[WhiteFideId "5068800"]
[BlackFideId "900451"]
[EventDate "2010.10.20"]

1. e4 c5 2. Nf3 d6 3. d4 cxd4 4. Nxd4 Nf6 5. Nc3 e6 6. Be2 Be7 7. O-O O-O 8. Be3
a6 9. f4 Qc7 10. Kh1 b5 11. Bf3 Bb7 12. e5 dxe5 13. fxe5 Nfd7 14. Bxb7 Qxb7 15.
Bf4 Nb6 16. Qg4 Rd8 17. Bh6 Bf8 18. Rad1 Nc6 19. Nxc6 Qxc6 20. Rxd8 Rxd8 21. h3
Nc4 22. Qf4 Qc7 23. Ne4 Nxe5 24. Bg5 Rd7 25. h4 h5 26. Ng3 Ng6 27. Qf3 Qxc2 28.
Nxh5 Qd3 29. Qf2 Bc5 30. Qf3 Qxf3 31. Rxf3 Rd1+ 32. Kh2 Bd6+ 33. g3 f6 34. Nxf6+
gxf6 35. Rxf6 Ne5 36. Rxe6 Nf3+ 37. Kh3 Nxg5+ 38. hxg5 a5 39. Kg4 b4 40. Re8+
Bf8 41. Re5 Rd2 42. Rxa5 Rxb2 43. Ra8 Rd2 44. Kf5 Rf2+ 45. Kg4 Rd2 46. Kf5 Rd3
47. g4 Rf3+ 48. Kg6 Rf1 49. Ra7 Ra1 50. Ra4 Rf1 51. Ra8 Rf7 52. Kh5 Kg7 53. g6
Rd7 54. Ra5 Rb7 55. Rf5 Bd6 56. Rd5 Bf4 57. Rf5 Bd2 58. Rd5 Bc3 59. g5 Ra7 60.
Rb5 Re7 61. Rb6 Rc7 62. Rb5 Ra7 63. Rb6 Rc7 1/2-1/2

[Event "WY Girls-U14"]
[Site "Porto Carras GRE"]
[Date "2010.10.26"]
[Round "7.7"]
[White "Osmanodja, Filiz"]
[Black "Gaboyan, Susanna"]
[Result "1-0"]
[WhiteTitle "WFM"]
[WhiteElo "2059"]
[BlackElo "1806"]
[WhiteFideId "24633569"]
[BlackFideId "13303627"]
[EventDate "2010.10.20"]

1. e4 c5 2. Nf3 Nc6 3. d4 cxd4 4. Nxd4 e5 5. Nb5 d6 6. N1c3 a6 7. Na3 b5 8. Nd5
Nce7 9. c4 Nxd5 10. Qxd5 Be6 11. Qd3 bxc4 12. Nxc4 Nf6 13. Be2 Qc7 14. O-O d5
15. exd5 Nxd5 16. Qe4 f6 17. f4 Bc5+ 18. Kh1 Bd4 19. fxe5 fxe5 20. Be3 Bxe3 21.
Nxe3 Rd8 22. Rac1 Qb8 23. Bh5+ g6 24. Bxg6+ hxg6 25. Qxg6+ Kd7 26. Nxd5 Bxd5 27.
Qg7+ Kd6 28. Rf6+ Be6 29. Rd1+ Kc5 30. Qe7+ Kb5 31. a4+ Kxa4 32. Ra1+ Ba2 33.
Rxa2+ Kb5 34. Ra1 Rd5 35. Qa3 e4 36. Qb3+ Kc5 37. Ra5+ 1-0

[Event "WY Girls-U14"]
[Site "Porto Carras GRE"]
[Date "2010.10.26"]
[Round "7.8"]
[White "Shakhmurzova, Fatima"]
[Black "Rodriguez Rueda, Paula Andrea"]
[Result "1/2-1/2"]
[BlackTitle "WFM"]
[WhiteElo "1747"]
[BlackElo "2099"]
[WhiteFideId "24102628"]
[BlackFideId "4404564"]
[EventDate "2010.10.20"]

1. e4 c5 2. Nf3 d6 3. d4 cxd4 4. Nxd4 Nf6 5. Nc3 a6 6. f3 e6 7. Bg5 Nbd7 8. Qd2
b5 9. O-O-O Bb7 10. g4 h6 11. Be3 b4 12. Na4 Qa5 13. b3 Nc5 14. a3 Nxa4 15. axb4
Qc7 16. bxa4 d5 17. e5 Nd7 18. f4 Nb6 19. f5 Nxa4 20. fxe6 Nc3 21. exf7+ Kxf7
22. Qf2+ Kg8 23. Rd3 Bxb4 24. Qf5 Re8 25. e6 Rc8 26. Bf4 Ba3+ 27. Kd2 Ne4+ 28.
Ke2 Bd6 29. Bxd6 Nxd6 30. Qe5 Nb5 31. Qxc7 Nxd4+ 32. Rxd4 Rxc7 33. Kd2 Re7 34.
Rb4 Bc8 35. Rb8 Kh7 36. Bd3+ g6 37. Rf1 Bxe6 38. Bxg6+ Kg7 39. Rxh8 Kxh8 40. Bd3
Bxg4 1/2-1/2

[Event "WY Girls-U14"]
[Site "Porto Carras GRE"]
[Date "2010.10.26"]
[Round "7.9"]
[White "Nicolas Zapata, Irene"]
[Black "Chiang, Sarah"]
[Result "1-0"]
[BlackTitle "WCM"]
[WhiteElo "2027"]
[BlackElo "1864"]
[WhiteFideId "22247270"]
[BlackFideId "2010810"]
[EventDate "2010.10.20"]

1. d4 Nf6 2. c4 e6 3. g3 d5 4. Bg2 Be7 5. Nf3 O-O 6. O-O dxc4 7. Qc2 a6 8. Qxc4
b5 9. Qc2 Bb7 10. Bd2 Be4 11. Qc1 Qc8 12. Bg5 Nbd7 13. Nbd2 Bb7 14. e4 h6 15.
Bh4 g5 16. Nxg5 hxg5 17. Bxg5 c5 18. e5 Nd5 19. Bxe7 Nxe7 20. Ne4 Qd8 21. Nf6+
Nxf6 22. exf6 Bxg2 23. fxe7 Qxe7 24. Kxg2 cxd4 25. Qf4 Rfd8 26. Rad1 Qc5 27.
Rfe1 Rd5 28. Rc1 Qd6 29. Qxd6 Rxd6 30. Kf3 Rd5 31. Ke4 Rad8 32. Kd3 R8d6 33. f4
Kg7 34. b4 f6 35. Rc5 Kf7 36. Rc7+ Kg6 37. Rc5 Kf7 38. g4 Ke7 39. Rc7+ Rd7 40.
Rc6 R7d6 41. Rc7+ Rd7 42. Rc8 e5 43. h4 Ke6 44. Rc6+ R5d6 45. Rxd6+ Kxd6 46. Ke4
Rc7 47. g5 Rc4 48. g6 Rc3 49. h5 Rg3 50. Kf5 Ke7 51. h6 Rf3 52. Re4 d3 53. h7 d2
54. h8=Q d1=Q 55. Qxf6+ Kd7 56. Qe6+ Kd8 57. g7 Rxf4+ 58. Rxf4 Qh5+ 59. Kf6 Qh6+
60. Kf7 Qxf4+ 61. Qf6+ 1-0

[Event "WY Girls-U14"]
[Site "Porto Carras GRE"]
[Date "2010.10.26"]
[Round "7.10"]
[White "Fataliyeva, Ulviyya Hasil qizi"]
[Black "Kahramanova, Mohinur"]
[Result "1-0"]
[WhiteTitle "WCM"]
[WhiteElo "1959"]
[BlackElo "1811"]
[WhiteFideId "13403052"]
[BlackFideId "14201771"]
[EventDate "2010.10.20"]

1. e4 c5 2. Nf3 d6 3. d4 cxd4 4. Nxd4 Nf6 5. Nc3 g6 6. Be3 Bg7 7. f3 a6 8. Qd2
Nc6 9. Bc4 Qc7 10. Bb3 b5 11. Nxc6 Qxc6 12. Nd5 Bb7 13. Bh6 Bxh6 14. Nxf6+ exf6
15. Qxh6 Ke7 16. O-O-O Rac8 17. Rd2 a5 18. Rhd1 Rcd8 19. Bd5 Qc7 20. Qg7 Bxd5
21. exd5 Rhf8 22. Re1+ Kd7 23. Qxf6 Kc8 24. Re7 Qc4 25. b3 Qc5 26. Rd3 b4 27.
Rxf7 Rxf7 28. Qxf7 Qg1+ 29. Kb2 Qxh2 30. Re3 Rd7 31. Qe8+ Kc7 32. Qa8 Qh4 33.
Re4 Qf6+ 34. Kb1 Rd8 35. Qa7+ 1-0

[Event "WY Girls-U14"]
[Site "Porto Carras GRE"]
[Date "2010.10.26"]
[Round "7.11"]
[White "Pachon, Adriana"]
[Black "Dragieva, Denitza"]
[Result "1/2-1/2"]
[WhiteTitle "WFM"]
[WhiteElo "1923"]
[BlackElo "1803"]
[WhiteFideId "4400690"]
[BlackFideId "2907232"]
[EventDate "2010.10.20"]

1. e4 e5 2. Nf3 Nc6 3. Bc4 Bc5 4. c3 Nf6 5. d3 a6 6. Bb3 d6 7. O-O Ba7 8. Be3
O-O 9. Nbd2 Be6 10. Re1 Bxe3 11. fxe3 h6 12. Nf1 Re8 13. Ng3 d5 14. exd5 Nxd5
15. Bxd5 Qxd5 16. e4 Qb5 17. Qc2 Rad8 18. Red1 Re7 19. d4 Qb6 20. Qf2 exd4 21.
cxd4 Bg4 22. d5 Qxf2+ 23. Kxf2 Ne5 24. Rd4 Bxf3 25. gxf3 g6 26. h3 Nd7 27. Rc1
Nb6 28. a4 h5 29. a5 Nc8 30. f4 h4 31. Ne2 Nd6 32. Nc3 Rde8 33. Kf3 Kg7 34. Rb4
f6 35. Rd1 g5 36. Rg1 Kh6 37. f5 Kg7 38. Rg4 Nf7 39. Rg2 Nd6 40. Rf2 Kh6 41. Re2
Kh5 42. Rd4 Kh6 43. b4 Kh5 44. Rd1 Kh6 45. Rde1 Re5 46. Na4 Nb5 47. Rd1 Nd6 48.
Nc5 R5e7 49. Ne6 Nb5 50. Rc2 Kh7 51. Rc4 Nd6 52. Rc5 Kh6 53. Rdc1 Nb5 54. Kg4
Rc8 55. Kf3 Rce8 56. Ke3 Rc8 57. R1c2 Rce8 58. Kd3 Rc8 59. Rc1 Rce8 60. Kc2 b6
61. axb6 cxb6 62. Rc6 Rxe6 63. dxe6 Nd4+ 64. Kd3 Nxc6 65. Rxc6 g4 66. hxg4 h3
67. Ke3 h2 68. Rc1 Kg5 69. Rh1 Rh8 70. Kf3 Rh3+ 71. Kg2 Kxg4 72. Rxh2 Re3 73.
Kf1 Rc3 74. Ra2 a5 75. bxa5 bxa5 76. Rxa5 Kf3 77. Ra1 Rc8 78. Re1 Rh8 79. Kg1
Rg8+ 80. Kh1 Rh8+ 81. Kg1 Rg8+ 82. Kf1 Rh8 1/2-1/2

[Event "WY Girls-U14"]
[Site "Porto Carras GRE"]
[Date "2010.10.26"]
[Round "7.12"]
[White "Patel, Yesim"]
[Black "Jacimovic, Sara"]
[Result "0-1"]
[WhiteElo "1820"]
[BlackElo "1908"]
[WhiteFideId "6300200"]
[BlackFideId "14403668"]
[EventDate "2010.10.20"]

1. e4 e5 2. Nf3 Nc6 3. Bb5 a6 4. Ba4 Nf6 5. O-O Be7 6. Re1 b5 7. Bb3 d6 8. c3
O-O 9. h3 Na5 10. Bc2 c5 11. d4 Qc7 12. Nbd2 Bd7 13. d5 Rfe8 14. b3 Bf8 15. Nf1
g6 16. Bg5 Bg7 17. Qd2 Nb7 18. Rac1 Rec8 19. N3h2 Nh5 20. Ng4 f6 21. Bh6 g5 22.
Bxg7 Kxg7 23. g3 Kf7 24. Nfe3 Ng7 25. Nh6+ Kg6 26. Neg4 Bxg4 27. Nxg4 h5 28. Nh2
Qd7 29. Kg2 h4 30. Ng4 Rh8 31. a4 Nd8 32. axb5 axb5 33. Ra1 Nf7 34. Rxa8 Rxa8
35. gxh4 Nh5 36. hxg5 Nf4+ 37. Kg3 Nxg5 38. Bd1 Rh8 39. f3 Rxh3+ 40. Kf2 c4 41.
bxc4 bxc4 42. Rf1 Qa7+ 43. Ke1 Qa1 44. Kf2 Qa7+ 45. Ke1 Nd3+ 46. Ke2 Rg3 47. Ne3
Nh3 48. Rh1 Ng1+ 49. Kf1 Nxf3 50. Qe2 Nd2+ 51. Qxd2 Qxe3 52. Bh5+ Kg7 53. Qxe3
Rxe3 54. Rg1+ Kh6 55. Bf7 Re1+ 56. Kg2 Rxe4 57. Kf3 Rf4+ 58. Ke3 Nc5 59. Rg8 Ne4
60. Be6 Nxc3 61. Rh8+ Kg5 62. Rg8+ Kh4 63. Rh8+ Kg3 64. Rg8+ Kh2 65. Rh8+ Kg3
66. Rg8+ Kh4 67. Rh8+ Kg5 68. Rg8+ Kh6 69. Rh8+ Kg7 70. Rg8+ Kh7 71. Rd8 Ne4 72.
Rd7+ Kh6 73. Rc7 c3 74. Kd3 f5 75. Rc6 Rf3+ 76. Kc2 Kg5 77. Bc8 Kf4 78. Be6 Rf2+
79. Kd3 Rd2+ 80. Kc4 c2 81. Kb3 Nc5+ 82. Kb2 Nd3+ 0-1

[Event "WY Girls-U14"]
[Site "Porto Carras GRE"]
[Date "2010.10.27"]
[Round "8.2"]
[White "Bivol, Alina"]
[Black "Nandhidhaa, PV"]
[Result "0-1"]
[WhiteElo "2076"]
[BlackElo "2060"]
[WhiteFideId "4100123"]
[BlackFideId "5050847"]
[EventDate "2010.10.20"]

1. Nf3 d5 2. c4 e6 3. g3 Nf6 4. Bg2 dxc4 5. Qa4+ c6 6. Qxc4 Be7 7. Qc2 O-O 8.
O-O Nbd7 9. d4 Re8 10. Rd1 Qc7 11. e4 b5 12. a4 Qb6 13. a5 Qa6 14. Nc3 Bb7 15.
Bf1 Rac8 16. Bd3 Nf8 17. Qe2 Ba8 18. Be3 Qb7 19. a6 Qb8 20. Bf4 Qb6 21. Qf1 Red8
22. Rdc1 Ng6 23. Bg5 Qb8 24. e5 c5 25. exf6 gxf6 26. Bxg6 fxg6 27. Qh3 Qb6 28.
Re1 fxg5 29. Rxe6 g4 30. Qxg4 Bxf3 31. Qh3 Qc7 32. Rae1 Bf8 33. Rf6 Bc6 34. Qe6+
Kg7 35. Rf4 Re8 36. Qf6+ Kg8 37. Rxe8 Rxe8 38. d5 Ba8 39. Ne4 Bxd5 40. Qxg6+
hxg6 41. Nf6+ Kf7 0-1